000 01375nab a2200253 a 4500
005 20210219162225.0
008 991125s1985 mx 000 0 spa u
035 _aUPN01000200245
049 _aART
100 1 _aSanabria, Carolina
100 1 _ucsanabriacr@yahoo.com
222 _aCOMUNICACION Y SOCIEDAD
245 _aAro Tolbukhin y la superposición de los niveles ficcionales
260 _aGuadalajara, México
300 _a137-157
362 0 _a2014 Nueva época, no. 22, jul.-dic.
520 _aEl presente artículo trabaja con el atípico filme Aro Tolbukhin. Dins la Ment de l’assassí (2002) de Agustí Villaronga, Lydia Zimmermann e Isaac P. Racine, donde destaca la desarticulación de los códigos del género documental para evidenciar la imposibilidad de referirse a lo real sin aludir a la ficción. Enunciadas desde diversas perspectivas en superposición desde usos no cronológicos que dan cuenta de una nueva manera de narrar dentro del panorama del cine español, estos niveles ficcionales se confunden entre sí en función de una óptica donde lo idílico se combina con lo atroz
653 0 _aDOCUMENTALES
653 0 _aFICCION
653 0 _aREALIDAD
856 4 _uhttp://www.comunicacionysociedad.cucsh.udg.mx/sites/default/files/a5_38.pdf
856 4 _uhttp://www.redalyc.org/articulo.oa?id=34631112006
905 _aArticulo
999 _c172346
_d172346